Zmeny v prístupoch detskej kardiostimulácie

Bibliographic Details
Main Authors: Balážová, Eva (Author), Milovský, Vladimír (Author), Valentíková, Marta (Author), Ťažký, Vladimír (Author)
Format: Article
Language:Slovak
PhysicalDescription:Graf, tab.
ISSN:1336-3433
Subjects:

MARC

LEADER 00000nab a2200000 a 4500
001 vtls008874602
003 SK-MaSNL
005 20260304144909.0
008 250505c2005 xo 0 slo
015 |a SNBCL2005/5 
035 |a SLK036376 
035 |a urn:nbn:sk:snk-abycg 
035 |a (urnnbn)urn:nbn:sk:snk:ar-a05l0d 
035 |a (uuid)162e98a4-015a-45ab-bcf6-920ba238e4ef 
040 |a SNKBUCL  |b slo  |c SNKBUCL  |e AACR2 
041 0 |a slo  |b eng  |b slo 
044 |a xo  |c SK 
080 |a 616.12-008.318-053.2:616.12-089.843.15  |2 1981 
245 0 0 |a Zmeny v prístupoch detskej kardiostimulácie  |c Eva Balážová ... [et al.] 
246 1 0 |a New trends for the cardiac pacing in childhood 
246 1 1 |a New trends for the cardiac pacing in childhood 
300 |b Graf, tab. 
504 |a Res. angl., slov. 
504 |a Bibliogr. odkazy 
650 0 7 |a kardiostimulácia umelá  |x štatistika a číselné údaje  |2 MESH  |9 1466854 
650 0 7 |a výber pacientov  |2 MESH  |9 1074558 
650 0 7 |a arytmia  |x chirurgia  |2 MESH  |9 1466855 
700 1 |a Balážová, Eva  |4 aut  |9 5525 
700 1 |a Milovský, Vladimír  |4 aut  |9 8040 
700 1 |a Valentíková, Marta  |4 aut  |9 1350823 
700 1 |a Ťažký, Vladimír  |4 aut  |9 853033 
773 0 |t Kardiológia pre prax  |g Roč. 3, č. 3 (2005), s. 163-165  |x 1336-3433 
850 |a Slovenská národná knižnica 
852 |a Slovenská národná knižnica 
954 |a odborná, vedecká literatúra pôvodná (slovenská)  |2 lita 
958 |a article27 
958 |a OND 
958 |a EUIPO 
999 |c 2933828  |d 2935758